Aux origines de l'égyptologie : voyages et collections de Frédéric Cailliaud, 1787-1869 /

محفوظ في:

المؤلف الرئيسي: Mainterot, Philippe.

التنسيق: كتاب

اللغة: French

منشور في: Rennes : Presses universitaires de Rennes, 2011.

سلاسل: Collection "Art & société"

الموضوعات:

الوسوم: إضافة وسم

لا توجد وسوم, كن أول من يضع وسما على هذه التسجيلة!

رقم الطلب: PJ1064 .C2 M38

LEADER 00894nam a22002297a 4500
003 OSt
005 20251013102808.0
008 251013t2011 fr 000 0 fre d
020 |a 9782753513204 
040 |c ARCE Library 
050 1 4 |a PJ1064 .C2  |b M38 
100 1 |a Mainterot, Philippe. 
245 1 0 |a Aux origines de l'égyptologie :   |b voyages et collections de Frédéric Cailliaud, 1787-1869 /   |c Philippe Mainterot, préface de Jean Leclant. 
264 1 |a Rennes :   |b Presses universitaires de Rennes,   |c 2011. 
300 |a 326 p. :   |b ill. (some col.) ;   |c 25 cm. 
490 0 |a Collection "Art & société" 
650 4 |a Archaeological expeditions -- History -- 19th century -- Egypt. 
650 4 |a Cailliaud, Frédéric, -- 1787-1869 -- Archaeological collections. 
650 4 |a Cailliaud, Frédéric, -- 1787-1869 -- Travel -- Egypt. 
901 |a reviewed 
942 |2 lcc  |c BK 
999 |c 49475  |d 49475